[Event "2nd Silman TNM: 1600-1999"]
[Site "San Francisco"]
[Date "2025.05.06"]
[Round "1.18"]
[White "Babayan, Gagik"]
[Black "Abraham, Michael"]
[Result "1/2-1/2"]
[WhiteElo "1725"]
[BlackElo "1564"]
[PlyCount "156"]
[Beauty "4329750725195"]
[GameId "2175100461002976"]
[EventDate "2025.??.??"]

1. e4 c5 2. Nf3 d6 3. d4 cxd4 4. Nxd4 a6 5. Nc3 Nf6 6. h3 e6 7. g4 Be7 8. Be3 Qc7 9. Qd2 Nc6 10. Nxc6 bxc6 11. Bf4 e5 12. Bg5 Be6 13. Bg2 Rb8 14. b3 O-O 15. Bxf6 Bxf6 16. O-O-O Qa5 17. Kb1 Rfd8 18. Nd5 Qa3 19. Nxf6+ gxf6 20. Qc1 Qc5 21. Rhf1 a5 22. Rd3 a4 23. Kb2 Rd7 24. Qe3 Qa5 25. Qd2 Qb6 26. Rd1 axb3 27. cxb3 Kg7 28. g5 Ra7 29. gxf6+ Kh8 30. Qh6 Rg8 31. R1d2 Rxg2 32. Rg3 Rxg3 33. fxg3 Rxa2+ 34. Kxa2 Qxb3+ 35. Ka1 Qa3+ 36. Kb1 Qb3+ 37. Rb2 Qd3+ 38. Rc2 Qb3+ 39. Kc1 Qa3+ 40. Kd2 Qxg3 41. Qf8+ Qg8 42. Qxg8+ Kxg8 43. Rxc6 h5 44. h4 Kh7 45. Rxd6 Kg6 46. Rd8 Kxf6 47. Rh8 Bg4 48. Rh6+ Ke7 49. Rb6 f5 50. exf5 Bxf5 51. Rh6 Bg4 52. Ke3 Kf7 53. Ke4 Kg7 54. Rb6 Kf7 55. Kxe5 Bf3 56. Kf4 Bd1 57. Kg5 Ke7 58. Rb7+ Ke6 59. Kg6 Bf3 60. Rb6+ Ke7 61. Rb4 Ke6 62. Rf4 Bd1 63. Rf2 Bg4 64. Rf4 Ke7 65. Re4+ Kd6 66. Rf4 Ke6 67. Kg5 Bd1 68. Rf6+ Ke7 69. Rh6 Kf7 70. Rh7+ Ke6 71. Rg7 Ke5 72. Rd7 Bg4 73. Rf7 Ke6 74. Kg6 Ke5 75. Rf8 Ke6 76. Rh8 Ke7 77. Kg7 Ke6 78. Rxh5 Bxh5 1/2-1/2

[Event "2nd Silman TNM: 1600-1999"]
[Site "San Francisco"]
[Date "2025.05.06"]
[Round "1.19"]
[White "Tam, Hoa Long"]
[Black "Yan, Rayna"]
[Result "0-1"]
[Annotator "Winslow,Elliott"]
[WhiteElo "1564"]
[BlackElo "1681"]
[PlyCount "88"]
[Beauty "8246337208320"]
[GameId "2175100461002977"]
[EventDate "2025.??.??"]

{[%evp 0,44,21,30,30,41,21,27,37,27,19,14,9,1,-5,-14,-5,-4,6,-18,5,-27,-27,-27,28,32,23,14,203,160,230,97,219,154,171,144,171,127,101,347,188,267,208,213,224,46,-95]} 1. e4 c6 2. d4 d5 3. e5 c5 4. dxc5 e6 5. a3 Bxc5 6. Qg4 ({Relevant:} 6. Nf3 f6 7. b4 Be7 8. Bb2 a5 9. b5 Nd7 10. Bd3 Nh6 11. Qe2 O-O 12. c4 Nf7 13. cxd5 Ndxe5 14. Nxe5 Nxe5 15. Bxe5 fxe5 16. Nc3 exd5 17. Nxd5 Bc5 18. O-O Be6 19. Ne3 Bd4 20. Qh5 g6 21. Bxg6 Qe7 22. Be4 Rf4 23. Bd5 Raf8 24. Rae1 Kh8 25. g3 R4f6 26. Bxe6 Qxe6 27. Re2 b6 28. Nc2 Bb2 29. Qh4 Qd5 30. a4 Rf4 31. Qh6 Qc4 32. Qh5 R8f5 33. Ne3 Rxh5 34. Nxc4 Rxc4 35. Rxb2 Rxa4 {Erigaisi,A (2797)-Andreikin,D (2729) Vrnjacka Banja 2024 1-0}) 6... Ne7 7. Bd3 O-O 8. Nf3 Ng6 9. b4 Bb6 10. h4 Nc6 11. Bb2 Bc7 {[#]} 12. Bxg6 $146 ({Predecessor:} 12. Qh5 Nce7 13. Nc3 h6 14. Ne2 Bd7 15. Kf1 Qe8 16. Qg4 f6 17. exf6 e5 18. Qg3 Rxf6 19. h5 Rc8 20. Bxg6 Nxg6 21. hxg6 e4 22. Ne5 Bb5 23. Rh5 Bb6 24. Ng4 Rxg6 25. Rc1 Qe6 26. Rh4 Rf8 27. c4 Bxc4 28. Qh3 Qf7 29. Rxc4 Rxg4 {0-1 (29) Nurmanova,A (2274)-Gunina,V (2478) Tashkent 2023}) 12... hxg6 13. Nbd2 Re8 14. O-O-O Bd7 15. h5 Ne7 16. Rh3 Rc8 17. Rdh1 Ba4 18. Ne1 Bb6 19. h6 Nf5 20. hxg7 Kxg7 21. Rh7+ Kf8 22. Rh8+ Ke7 23. R8h7 Rg8 {[#]} 24. Ndf3 $2 (24. b5 $1 {[%cal Gg4a4]} d4 25. Ne4 (25. Qg5+ Ke8 26. Qxd8+ Kxd8 27. Rxf7 $18) 25... d3 26. Bc3 $18) 24... Bxf2 $15 25. c3 $2 Be3+ 26. Kb1 Rc4 $19 27. Nd4 Qc7 (27... Nxd4) 28. Nef3 a6 (28... Nxd4 $19) (28... Ke8 $19) 29. Re1 (29. Ng5 Be8) 29... Bxd4 $17 30. Nxd4 Nxd4 (30... Bc2+) 31. cxd4 Bc2+ 32. Ka1 Bf5 $2 (32... g5 $1) 33. Qg5+ Ke8 34. g4 $15 Be4 35. Rf1 Rf8 {[#]} 36. Rf6 $2 (36. Qh6 $1) 36... Rc3 $2 (36... Rc2 $1 $19) (36... a5) (36... Qc6) (36... Qd7) (36... Qc8) 37. Rxe6+ $4 (37. Qh6 $1 $15 {[%cal Gh7h8]} Rc4 (37... Rc2)) 37... fxe6 38. Rxc7 Rxc7 (38... Rf1+ $1) 39. Qe3 Rc2 40. Qb3 Rf1+ 41. Ka2 Rff2 42. a4 Rxb2+ 43. Qxb2 Rxb2+ 44. Kxb2 g5 0-1

[Event "2nd Silman TNM: 1600-1999"]
[Site "San Francisco"]
[Date "2025.05.06"]
[Round "1.20"]
[White "Delateur, Nicholas"]
[Black "Touset, Stephen"]
[Result "1-0"]
[WhiteElo "1674"]
[BlackElo "1545"]
[PlyCount "52"]
[Beauty "8246471426056"]
[GameId "2175100461002978"]
[EventDate "2025.??.??"]

1. f4 d5 2. Nf3 Bf5 3. e3 e6 4. b3 Nf6 5. Bb2 h6 6. Nc3 Bd6 7. Ne2 Qe7 8. Ng3 Bh7 9. Be2 O-O 10. Ne5 c5 11. O-O Nc6 12. Nxc6 bxc6 13. d3 e5 14. Qd2 d4 15. c4 Rab8 16. f5 Kh8 17. Bc1 Rg8 18. Nh5 g5 19. Qe1 Ne8 20. f6 Qe6 21. Qg3 Bc7 22. Bg4 Qd6 23. h4 Bg6 24. hxg5 Bxh5 25. Qh4 Qf8 26. Qxh5 Nd6 1-0

[Event "2nd Silman TNM: 1600-1999"]
[Site "San Francisco"]
[Date "2025.05.06"]
[Round "1.21"]
[White "Agdamag, Samuel"]
[Black "Boyer, John"]
[Result "0-1"]
[WhiteElo "1512"]
[BlackElo "1669"]
[PlyCount "94"]
[Beauty "7146959801864"]
[GameId "2175100461002979"]
[EventDate "2025.??.??"]

1. d4 Nf6 2. Bg5 d5 3. Bxf6 gxf6 4. e3 Nc6 5. Bb5 Qd6 6. c3 Bf5 7. Bd3 Bxd3 8. Qxd3 e5 9. Qb5 O-O-O 10. Nf3 exd4 11. Nxd4 Nxd4 12. cxd4 a6 13. Qb3 Rg8 14. g3 h5 15. h4 Be7 16. Nc3 Qe6 17. O-O-O Rd6 18. Rd2 Rc6 19. Kb1 Rc4 20. e4 Rxc3 21. Qxc3 Qxe4+ 22. Rc2 Qxh1+ 23. Rc1 Qe4+ 24. Ka1 Bd6 25. Re1 Qf5 26. Re2 Rg4 27. f3 Rxg3 28. Qe1 Qg6 29. Rf2 Rg1 30. Rf1 Rxf1 31. Qxf1 Qg3 32. a3 Qxh4 33. Qe2 Kd7 34. Qd3 Qg5 35. Qh7 Qg6 36. Qh8 Qg5 37. Ka2 h4 38. Qh7 Ke7 39. Qh8 Qg3 40. Qh5 h3 41. Qxd5 h2 42. Qe4+ Kf8 43. Qh7 Qg2 44. Qh6+ Ke7 45. Qe3+ Kd7 46. Qe4 h1=Q 47. Qxb7 Qxf3 0-1

[Event "2nd Silman TNM: 1600-1999"]
[Site "San Francisco"]
[Date "2025.05.06"]
[Round "1.22"]
[White "Admassu, Yonathan"]
[Black "Stults, Sawyer"]
[Result "1-0"]
[WhiteElo "1661"]
[BlackElo "1471"]
[PlyCount "61"]
[Beauty "8247545220615"]
[GameId "2175100461002980"]
[EventDate "2025.??.??"]

1. c4 e6 2. Nc3 d5 3. e3 c5 4. cxd5 exd5 5. d4 Nc6 6. Bb5 Nf6 7. Nf3 Be7 8. Ne5 Qc7 9. Qa4 Bd7 10. Nxd7 Qxd7 11. O-O O-O 12. dxc5 Bxc5 13. Rd1 Qe6 14. Bxc6 bxc6 15. Ne2 Rfc8 16. Nf4 Qe7 17. Bd2 Rab8 18. b3 Ne4 19. Be1 Qf6 20. Rac1 Bb6 21. Ne2 Rc7 22. b4 Rbc8 23. Nd4 Bxd4 24. Rxd4 Nd6 25. Rc5 Nb5 26. Rd1 d4 27. exd4 Nxd4 28. b5 Nxb5 29. Ba5 Rb7 30. Qe4 Qe6 31. Rxc6 1-0

[Event "2nd Silman TNM: 1600-1999"]
[Site "San Francisco"]
[Date "2025.05.06"]
[Round "1.23"]
[White "Siegel, David"]
[Black "Mays-Smith, Isaac"]
[Result "0-1"]
[Annotator "Siegel,David"]
[WhiteElo "1462"]
[BlackElo "1643"]
[PlyCount "94"]
[Beauty "7147362469386"]
[GameId "2175301227242558"]
[EventDate "2025.??.??"]

{[%evp 0,94,6,20,30,19,22,3,32,-11,0,-9,-27,-34,-9,-23,58,-13,-22,-11,80,87,90,80,72,47,76,40,100,92,38,92,107,91,83,79,-72,71,82,-57,-236,-106,-97,-53,-49,-1,-63,21,-59,7,-64,-74,44,-212,-255,-290,-290,-330,-310,-325,-297,-320,-295,-275,-265,-278,-305,-324,-319,-372,-316,-361,-391,-404,-473,-467,-468,-545,-524,-685,-652,-652,-476,-473,-585,-667,-707,-672,-1103,-1226,-1222,-1527,-29982,-29987,-639,-700,-667]} 1. e4 e5 2. Nf3 Nf6 3. Nc3 Bb4 4. d3 O-O 5. Nxe5 d5 6. Bd2 dxe4 7. Nxe4 Bxd2+ 8. Qxd2 Re8 9. f4 Qd5 {(I think ...Qd5 gives up the pawn and the queenside attack is not too scary; I was expecting ...Nxe4 but the computer prefers ...Nbd7)} 10. Nc3 Qa5 11. O-O-O Be6 12. b3 b5 {(The computer thinks 12. b3 was a mistake, preferring 12. a3, but this seemed more solid against the white-square bishop. The computer also likes 12. d4(!?), which leads to a bunch of crazy tactics after 12... Bxa2 13. Nb5. At this point I felt like I was comfortably up a pawn, and b5 seemed scary at first, but after a long think I couldn't see Black making serious progress against my king. So I made an improving move on the other side of the board: g3 with plans to open up the diagonal for my bishop.)} 13. g3 Na6 14. Nc6 Qa3+ {(My thought was to go Nc6-Bg2, but playing Bg2 first would have trapped the Black rook on a8!)} 15. Kb1 Qd6 16. Bg2 b4 17. Ne4 Nxe4 18. Bxe4 Bg4 {(The best move for White here would have been 19. Ne5, counterattacking the Black rook and the g4 bishop while maintaining the advantage. I looked at that but miscalculated Rde1.)} 19. Rde1 Rxe4 20. Rxe4 Qxc6 21. Rhe1 h5 22. Rc4 Qb6 23. Qg2 Rd8 24. Rc6 Qb7 25. Qe4 Bf5 {(I don't know why I decided to pin my own rook, but I missed the winning move: 26. Qc4 threatens the knight and eyes the f7 pawn. I thought the queen trade would be fine, but further material loss is forced...)} 26. Qh1 Bd7 27. Rc4 Qxh1 28. Rxh1 Bb5 {(The crushing blow by my opponent, trapping my rook. The outcome of the game is no longer in doubt)} 29. Re4 Bc6 30. Rhe1 Bxe4 31. Rxe4 f6 32. Kc1 Kf7 33. Kd2 c5 34. h3 h4 35. g4 Rd4 36. Ke3 Rxe4+ 37. Kxe4 Ke6 38. f5+ Kd6 39. Kf4 Nc7 40. g5 Nd5+ 41. Kg4 fxg5 42. Kxg5 Ke5 43. Kxh4 Kf4 44. Kh5 Kxf5 45. Kh4 Kf4 46. Kh5 g5 47. Kg6 Ne3 0-1

[Event "2nd Silman TNM: u1600"]
[Site "San Francisco"]
[Date "2025.05.06"]
[Round "1.24"]
[White "Myers, Steven Lee"]
[Black "Hack, Richard"]
[Result "1/2-1/2"]
[Annotator "Hack,Richard"]
[WhiteElo "1171"]
[BlackElo "1500"]
[PlyCount "89"]
[Beauty "5844913627144"]
[GameId "2175100461002982"]
[EventDate "2025.??.??"]

1. Nf3 f5 2. d4 Nf6 3. Nc3 g6 4. Bg5 Bg7 5. e3 d6 6. Bc4 h6 7. Bxf6 Bxf6 8. Nd5 e6 {This dumb move, combined with others, nearly cost me the full point. Better here was just ...Bg7, I think.} 9. Nf4 d5 10. Bb5+ c6 11. Ba4 g5 12. Nh5 O-O 13. Nxf6+ Qxf6 14. Ne5 Nd7 15. Nd3 Nb6 {....e5 was better.} 16. c3 Bd7 17. Bb3 Nc4 {Better ....a5 or ....Be8.} 18. Bxc4 dxc4 19. Ne5 {Now White's excellent knight cannot be challenged except by a Black rook.} Rad8 20. Nxc4 Be8 21. Ne5 c5 22. Qb3 b6 23. O-O-O f4 24. Rhf1 Bh5 25. Rde1 f3 {A perpetual was possible for Black now.} (25... fxe3 26. fxe3 Qxf1 27. Rxf1 Rxf1+ 28. Kd2 Rf2+ 29. Kd3 Be2+ 30. Ke4 c4 31. Qa4 Bf1 32. Nxc4 Bxg2+) 26. g3 Rd6 27. Qa4 Qe7 28. Qc2 Qf6 29. Qa4 a5 30. Nd7 Rxd7 31. Qxd7 Bg6 32. Qd6 Bd3 33. Rh1 c4 34. Rd1 Rd8 35. Qxb6 Qf8 36. Qxe6+ Kh7 37. h4 Re8 38. Qd5 {Qd7+ or Qg4} g4 39. h5 a4 40. Rh4 Bf5 41. Qxc4 Qe7 42. Qxa4 {Better was d5 or Qd5.} Qe4 43. Qb3 {If Qa7+, Kh8; and White can no longer cover c2 and b2 and gets mated.} Qb1+ 44. Kd2 Qd3+ 45. Kc1 1/2-1/2

[Event "2nd Silman TNM: u1600"]
[Site "San Francisco"]
[Date "2025.05.06"]
[Round "1.25"]
[White "Starr, Albert"]
[Black "Cao, Danny"]
[Result "1/2-1/2"]
[Annotator "Cao,Danny"]
[WhiteElo "1500"]
[BlackElo "1167"]
[PlyCount "150"]
[Beauty "4472134713351"]
[GameId "2175100461002983"]
[EventDate "2025.??.??"]

1. b4 c6 2. c4 Qb6 3. a3 (3. Bb2) (3. a3 a5 4. c5 Qb5 (4... Qc7) 5. e3) 3... Qd4 4. Nc3 Qxc4 5. e3 Qe6 (5... Qh4 6. Nf3) 6. Bb2 d5 7. Na4 Nd7 8. Nf3 Ngf6 9. Be2 Qd6 10. O-O e5 11. g3 Be7 {White 1 hr 31 min... Black 1 hr 16 min} 12. Rc1 O-O 13. Rc2 b6 14. Qa1 e4 15. Nd4 Bb7 16. Rfc1 Rac8 17. Nc3 Ne5 18. Nf5 Qd7 19. Nxe7+ Qxe7 20. Nd1 Rfe8 {White 1 hr 32 min ... Black 51 min} (20... Nfd7) (20... Nf3+ 21. Bxf3 exf3 22. Bxf6 Qxf6 23. Qxf6 gxf6) 21. Bf1 Qe6 22. Bd4 (22. Bxe5 Qxe5 23. Qxe5 Rxe5) 22... Nf3+ 23. Kh1 (23. Kg2 Ne1+) 23... Nxd4 (23... Ne1 24. Rc3 Qg4 25. h3 (25. Bxf6 Qf3+ 26. Kg1 gxf6)) 24. Qxd4 Qe5 (24... Qf5 25. Bg2 Ng4) (24... Qg4 25. Bg2) 25. Qxe5 Rxe5 26. d4 exd3 (26... Rh5 27. h3 Ng4) 27. Bxd3 Ne4 28. Kg1 Re7 29. f3 Ng5 30. Kg2 Ne6 {White 1 hr 29 min ... Black 24 min} 31. Nc3 (31. Bf5 g6 32. Bxe6 Rxe6) 31... Rd8 (31... d4 32. exd4 Nxd4) 32. Kf2 d4 33. exd4 Nxd4 34. Rb2 (34. Rd2 Nb3 35. Bxh7+ Kxh7 36. Rxd8 Nxc1) 34... g6 (34... Nb3 35. Rxb3 Rxd3 36. Rd1 Rxd1 37. Nxd1) 35. Bf1 c5 36. f4 cxb4 37. Rxb4 Rc7 38. Ne2 Rxc1 39. Nxc1 Ne6 40. Nb3 Bd5 {White 1 hr 27 min... Black.8 min} 41. Nd2 Rc8 42. Rb2 Rc3 43. a4 Nc5 44. Rb4 Nd3+ (44... Ra3 45. a5 bxa5 46. Rb5 Rc3) 45. Bxd3 Rxd3 46. Ke2 Rc3 (46... Ra3 47. Rd4 Be6 (47... Bc6 48. Rd8+ Kg7)) 47. Rd4 Bc6 48. Nf1 Kg7 (48... Ra3 49. Rd8+ Kg7) 49. Ne3 b5 (49... Ra3) 50. axb5 Bxb5+ {White 1 hr 12 min... Black 2 min} 51. Kd2 Rc7 52. f5 Rd7 (52... a5 53. f6+ Kxf6 54. Nd5+) (52... gxf5 53. Nxf5+ Kf6 54. Nd6 Rd7) 53. Kc3 Rxd4 54. Kxd4 gxf5 55. Nxf5+ Kf6 56. Nd6 a6 57. Kc5 Be2 (57... Ke6) 58. h4 Ke6 59. Ne4 h6 60. Nc3 Bb5 {White 1 hour ... Black 1 min} 61. g4 Ke5 62. Nd5 f6 (62... Be2) 63. h5 Be2 64. Ne3 Kf4 65. Nd5+ Ke5 {White 59 min... Black 45 sec} 66. Ne3 a5 (66... Ke4 67. Nd5 Bxg4 68. Nxf6+ Kf5) 67. Nf5 Bxg4 68. Nxh6 Bxh5 69. Kb5 Be2+ (69... Kf4) 70. Kxa5 Kf4 71. Kb4 Kg5 72. Nf7+ Kg6 73. Nd6 Kg5 74. Ne4+ Kf5 75. Nxf6 Kxf6 1/2-1/2

[Event "2nd Silman TNM: u1600"]
[Site "San Francisco"]
[Date "2025.05.06"]
[Round "1.26"]
[White "Braithwaite, Andrew"]
[Black "Olson, David"]
[Result "0-1"]
[WhiteElo "1137"]
[BlackElo "1400"]
[PlyCount "62"]
[Beauty "8249021574186"]
[GameId "2175100461002984"]
[EventDate "2025.??.??"]

1. e4 c5 2. c3 Nc6 3. d4 cxd4 4. cxd4 e6 5. d5 Bb4+ 6. Nc3 Ne5 7. Qd4 Bxc3+ 8. bxc3 d6 9. f4 Ng6 10. dxe6 fxe6 11. Qxg7 Nf6 12. Bb5+ Bd7 13. Bxd7+ Nxd7 14. f5 exf5 15. exf5 Qh4+ 16. Kf1 O-O-O 17. Qd4 Qh5 18. fxg6 Rhf8+ 19. Nf3 Rxf3+ 20. gxf3 Qxf3+ 21. Kg1 hxg6 22. Be3 Re8 23. Re1 Re4 24. Qxe4 Qxe4 25. h4 Ne5 26. h5 Nf3+ 27. Kf1 gxh5 28. Rxh5 Nxe1 29. Rh8+ Kd7 30. Ke2 Ng2 31. Rh1 Qxe3+ 0-1

[Event "2nd Silman TNM: u1600"]
[Site "San Francisco"]
[Date "2025.05.06"]
[Round "1.27"]
[White "Wickliffe, Zachary"]
[Black "Otterbach, Renate"]
[Result "1-0"]
[Annotator "Winslow,Elliott"]
[WhiteElo "1347"]
[BlackElo "1113"]
[PlyCount "83"]
[Beauty "7561692588047"]
[GameId "2175100461002985"]
[EventDate "2025.??.??"]

1. e4 c5 2. c3 g6 3. d4 cxd4 4. cxd4 d5 5. e5 a6 6. Nf3 h6 7. Bd3 Be6 8. O-O Nc6 9. Nc3 Bg7 10. Be3 b5 11. Rc1 Na5 12. Nd2 Nc4 13. Nxc4 bxc4 14. Bc2 Bd7 15. Nxd5 e6 16. Nc3 Ne7 17. Be4 Rb8 18. Na4 O-O 19. Rxc4 Bb5 20. Qc2 Bxc4 21. Qxc4 Qc8 22. Qd3 a5 23. Rc1 Qe8 24. b3 Rc8 25. Nc5 Nd5 26. Bd2 Nb4 27. Qb1 f5 28. exf6 Rxf6 29. Re1 Qf7 30. Bf3 e5 31. Bg4 Rxc5 32. dxc5 Rxf2 33. Bxb4 axb4 {[#]} 34. Be6 Qxe6 35. Kxf2 Kh7 36. Qe4 Qa6 37. Re2 Qa7 38. Rc2 Bf6 39. g3 Qb8 40. c6 Qb6+ 41. Kg2 Qc7 42. Qd5 1-0

[Event "2nd Silman TNM: u1600"]
[Site "San Francisco"]
[Date "2025.05.06"]
[Round "1.28"]
[White "Lee, Yinpok"]
[Black "Quinn, Dahlia"]
[Result "0-1"]
[Annotator "Winslow,Elliott"]
[WhiteElo "1104"]
[BlackElo "1329"]
[PlyCount "92"]
[Beauty "7215947732514"]
[GameId "2175100461002986"]
[EventDate "2025.??.??"]

1. e4 e6 2. d4 d5 3. Nd2 Nf6 4. e5 Nfd7 5. Ngf3 c5 6. c3 Nc6 7. Bb5 Be7 8. O-O O-O 9. Re1 f6 10. Qc2 c4 11. Nf1 Qb6 12. Bxc6 Qxc6 13. Bf4 b5 14. a3 a5 15. Re3 b4 16. N3d2 Bb7 17. Rh3 f5 18. Nf3 Rf7 19. Qc1 Nf8 20. Ng5 Bxg5 21. Bxg5 bxc3 22. bxc3 Qc7 23. Qf4 Re8 24. Re1 Ree7 25. Ree3 Ng6 26. Qf3 f4 27. Re1 Rf5 28. Qh5 Nf8 29. Qh4 Ref7 30. Nd2 a4 31. Nf3 Qb6 32. Qg4 Qb2 {[#]} 33. Nh4 Rxg5 34. Qxg5 Qxa3 35. Nf3 Qxc3 36. Rf1 Qb2 37. Qh4 Qc2 38. Ng5 Re7 39. Qxf4 a3 40. Rf3 Ng6 41. Nxe6 Nxf4 42. Rxf4 Rxe6 43. Rf3 Ra6 44. Re3 a2 45. Ree1 Qc3 46. f4 Qxd4+ 0-1

[Event "2nd Silman TNM: u1600"]
[Site "San Francisco"]
[Date "2025.05.06"]
[Round "1.29"]
[White "Liu, Eric"]
[Black "Sloan, Sacha"]
[Result "0-1"]
[Annotator "Winslow,Elliott"]
[WhiteElo "1307"]
[BlackElo "1056"]
[PlyCount "90"]
[Beauty "7285740929030"]
[GameId "2175100461002987"]
[EventDate "2025.??.??"]

1. e4 c5 2. Nc3 d6 3. f4 Nc6 4. Nf3 Bg4 5. Bb5 e6 6. Bxc6+ bxc6 7. d3 Qc7 8. h3 Bxf3 9. Qxf3 Nf6 10. O-O Be7 11. Qg3 Rg8 12. e5 Nd7 13. exd6 Bxd6 14. Ne4 Be7 15. b3 h6 16. Qe3 {[#]} f5 17. Nd2 Qd6 18. Nc4 Qd4 19. Bb2 Qxe3+ 20. Nxe3 g5 21. Rae1 gxf4 22. Rxf4 Bg5 23. Rf3 O-O-O 24. Nc4 Rg6 25. Nd6+ Kc7 26. Nf7 Rdg8 27. Nxg5 Rxg5 28. Re2 Kd6 29. Bc1 R5g6 30. Bf4+ e5 31. Bd2 f4 {[#]} 32. Be1 Nf8 33. Kh2 Ne6 34. c3 Nc7 35. g3 Ne6 36. h4 a5 37. Re4 Rg4 38. Kh3 h5 39. Ra4 fxg3 40. Rxg4 $4 hxg4+ 41. Kxg3 gxf3+ 42. Kxf3 Kd5 43. c4+ Kd4 44. Bxa5 Kxd3 45. a3 Nd4+ 0-1

[Event "2nd Silman TNM: u1600"]
[Site "San Francisco"]
[Date "2025.05.06"]
[Round "1.30"]
[White "Kojevnikov, Alexander"]
[Black "Chen, Bowie"]
[Result "1-0"]
[Annotator "Winslow,Elliott"]
[WhiteElo "1044"]
[BlackElo "1279"]
[PlyCount "87"]
[Beauty "7423045665288"]
[GameId "2175093951815873"]
[EventDate "2025.??.??"]

{[%evp 0,86,11,0,17,6,23,48,19,4,46,26,0,32,35,40,18,24,25,11,-3,15,19,18,31,15,22,13,132,104,117,134,134,48,65,29,26,21,40,13,50,0,57,36,26,13,13,7,92,91,92,87,81,55,19,72,85,95,92,100,78,63,86,81,100,-7,86,83,181,188,108,155,168,142,142,185,1,399,194,305,271,390,386,382,404,440,430,596,736]} 1. e4 c5 2. c3 e6 3. d4 d5 4. exd5 exd5 5. Bb5+ Bd7 6. Bxd7+ Nxd7 7. Nf3 Ngf6 8. O-O Be7 9. dxc5 Nxc5 10. Nbd2 O-O 11. Nb3 Nfe4 12. Be3 b6 13. Nbd4 Ne6 14. Nc6 Qc7 15. Nxe7+ Qxe7 16. Nd4 Qd7 17. f3 Nd6 18. b3 Rac8 19. Qd3 Nc5 20. Qd2 Rfe8 21. Rfe1 Nf5 22. Nxf5 Qxf5 23. Rad1 h6 24. Qxd5 Re5 25. Qd2 Rce8 26. Bxc5 Rxe1+ 27. Rxe1 Rxe1+ 28. Qxe1 Qxc5+ 29. Kf1 g6 30. c4 Kf8 31. Qe4 a5 32. Ke2 Qd6 33. g3 f5 34. Qf4 Qe6+ 35. Kf2 g5 36. Qd4 Kf7 37. f4 g4 38. Qd5 Qxd5 39. cxd5 Ke7 40. Ke3 Kd6 41. Kd4 b5 42. a3 h5 43. a4 bxa4 44. bxa4 1-0

[Event "2nd Silman TNM: u1600"]
[Site "San Francisco"]
[Date "2025.05.06"]
[Round "1.31"]
[White "Brickhouse, Christian"]
[Black "Pirone, John"]
[Result "1-0"]
[WhiteElo "1267"]
[BlackElo "1033"]
[PlyCount "61"]
[Beauty "8248753127434"]
[GameId "2175100461002989"]
[EventDate "2025.??.??"]

1. d4 d5 2. c4 e6 3. Nc3 Nf6 4. Nf3 Be7 5. Bf4 c6 6. e3 O-O 7. Bd3 Nbd7 8. O-O Re8 9. cxd5 cxd5 10. Nb5 Rf8 11. Nc3 a6 12. e4 dxe4 13. Nxe4 b5 14. Rc1 Nd5 15. Bg3 N7f6 16. Nfg5 Nxe4 17. Nxe4 Bb7 18. Nc5 Bxc5 19. dxc5 Rc8 20. Qe2 Bc6 21. Rfd1 Re8 22. Qh5 h6 23. Bh4 Nf4 24. Bxd8 Nxh5 25. Bb6 Nf4 26. f3 Nd5 27. Ba5 Re7 28. Kf2 Rd7 29. Re1 Nf4 30. Bf1 Rd2+ 31. Bxd2 1-0

[Event "2nd Silman TNM: u1600"]
[Site "San Francisco"]
[Date "2025.05.06"]
[Round "1.32"]
[White "Blum, Paul"]
[Black "Merk, Felix"]
[Result "0-1"]
[WhiteElo "1009"]
[BlackElo "1267"]
[PlyCount "106"]
[Beauty "6803630854153"]
[GameId "2175100461002990"]
[EventDate "2025.??.??"]

1. e4 c5 2. Nf3 Nc6 3. a3 g6 4. d3 Bg7 5. Nbd2 Nf6 6. Be2 O-O 7. O-O d5 8. e5 Ng4 9. Nb3 b6 10. d4 cxd4 11. Nbxd4 Nxd4 12. Nxd4 Nxe5 13. Bf4 Bb7 14. Re1 Rc8 15. c3 Nc4 16. Qc1 Re8 17. Bg4 f5 18. Ne6 Qd7 19. Nxg7 Kxg7 20. Bh6+ Kf7 21. Bf3 e5 22. Qc2 Re6 23. b3 Na5 24. Rad1 d4 25. Bxb7 Nxb7 26. b4 e4 27. Rxd4 Qxd4 28. Qb3 Rxc3 29. Be3 Rxb3 30. Bxd4 Rd6 31. Be5 Rd2 32. Rc1 Rbd3 33. Rc7+ Rd7 34. h3 Rxc7 35. Bxc7 Ra2 36. g4 Rxa3 37. gxf5 gxf5 38. Kg2 a5 39. Bxb6 axb4 40. Bd4 b3 41. Kg3 b2+ 42. Be3 Rxe3+ 43. fxe3 b1=Q 44. Kf4 Kf6 45. h4 Qf1+ 46. Kg3 Qf3+ 47. Kh2 Qxe3 48. Kg2 Ke5 49. h5 Qf3+ 50. Kh2 Qg4 51. Kh1 Kf4 52. h6 Kf3 53. Kh2 Qg2# 0-1

[Event "2nd Silman TNM: u1600"]
[Site "San Francisco"]
[Date "2025.05.06"]
[Round "1.34"]
[White "Ramos, Joel"]
[Black "Booth, Kyle"]
[Result "0-1"]
[WhiteElo "821"]
[BlackElo "1246"]
[PlyCount "72"]
[Beauty "7903679357959"]
[GameId "2175100461002992"]
[EventDate "2025.??.??"]

1. e4 c5 2. Nf3 a6 3. d4 cxd4 4. Nxd4 Nf6 5. Bd3 e5 6. Nf3 Bb4+ 7. c3 Bc5 8. Nxe5 O-O 9. O-O Re8 10. Bf4 d6 11. Nf3 Nxe4 12. Bxe4 Rxe4 13. Bg5 Qe8 14. Nd4 Nc6 15. Be3 Bg4 16. Qd3 Nxd4 17. cxd4 Bxd4 18. Re1 Bxe3 19. fxe3 Re6 20. Nc3 Qc6 21. Nd5 Re5 22. e4 Rae8 23. Rac1 Qa4 24. Nc3 Qb4 25. Rb1 Bh5 26. a3 Qc5+ 27. Kh1 Bg6 28. b4 Qc6 29. Rbc1 Bxe4 30. Nxe4 Rxe4 31. h3 Rxe1+ 32. Rxe1 Rxe1+ 33. Kh2 d5 34. Qg3 Re8 35. a4 Rd8 36. b5 Qd6 0-1